000 00330nam a22001217a 4500
999 _c4894
_d4894
008 250422b ||||| |||| 00| 0 eng d
020 _a9780857232441
082 _a800 BAX
100 _aBAXTER,NICOLA
_eAUTHOR
245 _a3-MINUTE SLEEPYTIME STORIES
260 _a88-89 BLACKFRIARS ROAD,LONDON SE1 8HA
_bHERMES HOUSE
942 _2ddc